| 000 | 00504nam a2200193 i 4500 | ||
|---|---|---|---|
| 001 | 44730 | ||
| 003 | ES-MaACL | ||
| 005 | 20260617125143.0 | ||
| 007 | t| | ||
| 008 | 030324s1935 fr ||||1| fre d | ||
| 080 | _a821.133.1-24"19" | ||
| 100 |
_aClaudel, Paul, _d1868-1955 _9239252 |
||
| 245 | 1 | 3 |
_aLe livre de Christophe Colomb / _cPaul Claudel. |
| 250 | _a5ème ed. | ||
| 260 |
_aParis : _bGallimard, _c[1939] |
||
| 300 |
_a247 p. ; _c19 cm. |
||
| 852 |
_aES-MaACL _jA-4516 |
||
| 999 |
_c44730 _d44730 |
||